|
|
|
|
| LEADER |
00000nnm a2200000 i 4500 |
| 001 |
dolg22591 |
| 005 |
20190828095523.0 |
| 008 |
190521suuuu hu o 000 hun d |
| 040 |
|
|
|a BGE Dolgozattár Repozitórium
|b hun
|
| 041 |
|
|
|a hu
|
| 100 |
1 |
|
|a Morner Fanni
|
| 245 |
1 |
2 |
|a A telefonos ügyfélkapcsolat helye, szerepe az értékesítés előkészítésében
|c Morner Fanni
|h [elektronikus dokumentum]
|
| 516 |
|
|
|a Project_work
|
| 695 |
|
|
|a telefonos kommunikáció
|
| 695 |
|
|
|a értékesítés előkészítés
|
| 700 |
1 |
|
|a Talabos István
|e ths
|
| 856 |
4 |
0 |
|u http://dolgozattar.uni-bge.hu/22591/1/Morner%20Fanni%20projektmunka%20k%C3%A9sz.pdf
|z Dokumentum-elérés
|